Loading...
| Fine Arts - Auditory Fine Arts | 2 | 10.00 | 100% | 0% | 0% |
| Fine Arts - Other Fine Arts | 3 | 10.00 | 100% | 0% | 0% |
| Fine Arts - Visual Fine Arts | 3 | 10.00 | 100% | 0% | 0% |
| History - American History | 4 | 10.00 | 100% | 0% | 0% |
| History - Other History | 3 | 10.00 | 100% | 0% | 0% |
| History - World History | 3 | 10.00 | 100% | 0% | 0% |
| Literature - American Literature | 4 | 7.50 | 75% | 0% | 0% |
| Literature - British Literature | 4 | 10.00 | 100% | 0% | 0% |
| Literature - European Literature | 1 | 0.00 | 0% | 0% | 0% |
| Literature - World Literature | 2 | 10.00 | 100% | 0% | 0% |
| Mythology | 5 | 10.00 | 80% | 20% | 0% |
| Other Academic | 1 | 0.00 | 0% | 0% | 0% |
| Philosophy | 2 | 0.00 | 0% | 0% | 0% |
| Religion | 2 | 10.00 | 50% | 50% | 0% |
| Science - Biology | 1 | 10.00 | 100% | 0% | 0% |
| Science - Chemistry | 4 | 12.50 | 100% | 25% | 0% |
| Science - Other Science | 4 | 15.00 | 100% | 50% | 0% |
| Science - Physics | 1 | 10.00 | 100% | 0% | 0% |
| Social Science | 3 | 3.33 | 33% | 0% | 0% |